European Countries with the Most Ski Resorts - Statistics

General Stats
  • This quiz has been taken 247 times
    214 since last reset
  • The average score is 18 of 20
Answer Stats
# Country % Correct
317 France
100%
253 Austria
99%
186 Switzerland
99%
498 Germany
98%
349 Italy
98%
32 Spain
97%
228 Sweden
97%
213 Norway
96%
354 Russia
96%
76 Finland
95%
182 Poland
90%
32 Bulgaria
89%
44 Slovenia
88%
107 Slovakia
87%
47 Romania
86%
54 Ukraine
86%
191 Czechia
84%
22 Greece
77%
31 Serbia
77%
26 Latvia
60%
No matching quizzes found
Score Distribution
Percent of People with Each Score
Percentile by Number Answered
Your Score History
You have not taken this quiz since the last reset